| 000 | 00800nmc a2200277 a 4500 | ||
|---|---|---|---|
| 003 | AR-BaBNM | ||
| 005 | 20251128211614.0 | ||
| 008 | 035020s2001 ||||||||||||||000 | spa|| | ||
| 020 | _a84-7432-757-1 | ||
| 040 | _cAR-BaBNM | ||
| 100 | 1 | _aBecher, Tony | |
| 245 | 1 | 0 |
_aTribus y territorios académicos _bla indagación intelectual y las culturas de las disciplinas |
| 250 | _a1ª ed. | ||
| 260 |
_aBarcelona _bGedisa _c2001 |
||
| 300 | 0 | _a253 p. | |
| 490 | 0 |
_aBiblioteca de educación. Educación superior _vv. 1 |
|
| 504 | _aContiene bibliografía en p. 237-247 | ||
| 650 | 4 | _aINVESTIGACION | |
| 650 | 4 | _aUNIVERSIDADES | |
| 650 | 4 | _aINTELECTUALES | |
| 650 | 4 | _aCOMUNIDADES CIENTIFICAS | |
| 653 | _aDISCIPLINAS | ||
| 800 | 1 | _aCamilloni, Alicia | |
| 942 | _cBK | ||
| 998 | _cme-solo cat | ||
| 999 |
_c20395 _d20395 |
||